Chefs-d'oeuvre des Pères de l'Eglise (Record no. 114420)

MARC details
000 -LEADER
campo de control de longitud fija 04919nam a2200349 i 4500
001 - NÚMERO DE CONTROL
campo de control 114420
003 - IDENTIFICADOR DE NÚMERO DE CONTROL
campo de control ES-MaACL
005 - FECHA Y HORA DE LA ÚLTIMA TRANSACCIÓN
campo de control 20250829114857.0
007 - CAMPO FIJO DE DESCRIPCIÓN FÍSICA--INFORMACIÓN GENERAL
campo de control de longitud fija t|
008 - DATOS DE LONGITUD FIJA--INFORMACIÓN GENERAL
campo de control de longitud fija 170913m18371838fr ||||1| fre d
080 ## - NÚMERO DE LA CLASIFICACIÓN DECIMAL UNIVERSAL
Número de la Clasificación Decimal Universal 276(082)
245 00 - MENCIÓN DEL TÍTULO
Título Chefs-d'oeuvre des Pères de l'Eglise
Resto del título : ou Choix d'ouvrages complets des docteurs de l'Église grecque et latine : traduction avec le texte latin en regard.
260 ## - PUBLICACIÓN, DISTRIBUCIÓN, ETC.
Lugar de publicación, distribución, etc. Paris :
Nombre del editor, distribuidor, etc. Bibliothèque ecclésiastique,
Fecha de publicación, distribución, etc. 1837-1838.
300 ## - DESCRIPCIÓN FÍSICA
Extensión 15 v. ;
Dimensiones 22 cm.
500 ## - NOTA GENERAL
Nota general Texto paraleo en francés y latín.
505 8# - NOTA DE CONTENIDO CON FORMATO
Nota de contenido con formato Contiene: Vol.1 : Saint Clément : Première et seconde épître aux Corinthiens ; Saint Ignace : Epître aux Romains, Epître aux Smyrnées ; Saint Polycarpe : Epître aux Philippiens ; Saint Justin : Première apologie, Epître des eglises de Vienne et de Lyon ; Hermias : Critique des philosophes païens ; Tertullien : Apologétique, Des prescriptions, Contre les spectacles ; Minucius Félix : Octavius. - Vol. 2 : Origène : Traité de la prière, Exhortation au martyre ; Saint Cyprien : Lettre sur les calomniateurs, Traité sur ceux qui sont tombés, Traité sur l'unité de l'Eglise catholique, Traité sur la vanité des idoles, Traité sur l'aumone, Traité sur la vanité et l'envie, Lettres à Fortunat. Exhortation au martyre ; Lactance : Du culte des faux dieux. - Vol. 3 : Lactance : Traité de la colère de Dieu ; Saint Athanase : Apologie de l'empereur Constance, Contre Apollinaire, de l'incarnation de notre Seigneur Jesus-Christ, Lettre encyclique aux évêques d'Egypte et de Libye, Premier discours contre les ariens ; Eusèbe : Eusèbe contre Hiéroclès. - Vol. 4 : Saint Grégoire de Naziance : Discours contre l'empereur Julien, Discours sur l'excellence du sacerdoce et les devoirs des pasteurs ; Saint Basile le grand : Discours adressé aux jeunes gens, sur l'utilité qu'ils peuvent tirer de la lecture des livres profanes, Homélie sur ce sujet : Que Dieu n'est pas l'auteur du mal, sur ces paroles : Portez votre attention sur vous-même, sur le jeûne, sur le mépris du monde, sur la colère, sur l'envie, sur l'humilité, sur l'avarice, Panégyrique des quarantes martyrs de Sébaste. - Vol. 5 : Saint Hilaire : Contre les ariens, ou contre Auxence, Lettre et hymne à sa fille Abra, De la Trinité ; Saint Ephrem : Discours exégétiques, Confessions, Discours de polémique, Sur la résurrection et le jugement, Sur la pénitence, Sur les vices et sur les vertus, Homélie sur la femme pécheresse qui répandit des parfums sur les pieds de Notre-Seigneur, Lettre au moine Jean, Prière ; Saint Cyrille : Catéchèse. - Vol. 6 : Saint Ambroise : Des avantages de la mort, Invectives sur la chute d'une jeune vierge consacrée au Seigneur, Des devoirs des ministres sacrés, Lettres. - Vol. 7 : Saint Jean Chrysostome : Du sacerdoce, Traité de la virginité, A une jeune veuve, Traité sur les cohabitations illicites, Livre de la componction du coeur, au moine Démétrius, Prallèle entre un roi et un moine. - Vol. 8 : Saint Jean Chrysostome : Homélies I à XV, Homélies au peuple d'Antioche Homéli I à VIII. - Vol. 9 : Saint Jean Chrysostome : Homélies, discours, panégyriques, exposition du psaume XXXVIII. - Vol. 10 : Saint Astère : Homélie I à III ; Saint Grégoire : Grande catéchèse, Traité de la formation de l'homme, Oraisons funèbres, discours choisis, Lettres choisies. - Vol. 11 : Saint Jérôme : Lettres choisies. - Vol. 12 : Saint Augustin : les Confessions. - Vol. 13 : Saint Augustin : Méditations (Meditationes), Soliloques (Soliloquia), Manuel ou abrégé sur la contemplation du Christ, ou encore sur la Parole de Dieu, pour ranimer dans l'âme le souvenir des biens célestes (Manuale seu libellus de contemplatione Christi, sive de Verbo Dei, quo sopita coelestis desiderii memoria renovetur), De l'immortalité de l'âme (De immortalitate animae), Sermons 138, 158, 150, 161, 56, 61 (extrait). - Vol. 14 : Lettres choisies de Saint Paulin. - Vol. 15 : Saint Bernard : Les cinq livres du traité de la considération ; des moeurs et des devoirs des évêques ; sermons et lettres
650 ## - PUNTO DE ACCESO ADICIONAL DE MATERIA--TÉRMINO DE MATERIA
Término de materia o nombre geográfico como elemento de entrada Patrística.
9 (RLIN) 15895
650 07 - PUNTO DE ACCESO ADICIONAL DE MATERIA--TÉRMINO DE MATERIA
Término de materia o nombre geográfico como elemento de entrada Literatura cristiana primitiva
Fuente del encabezamiento o término embne
9 (RLIN) 14529
700 0# - ENTRADA AGREGADA--NOMBRE PERSONAL
Nombre de persona Agustín,
Títulos y otros términos asociados al nombre Santo, Obispo de Hipona.
9 (RLIN) 125563
700 1# - ENTRADA AGREGADA--NOMBRE PERSONAL
Nombre de persona Gregorio de Nisa,
Títulos y otros términos asociados al nombre Santo.
9 (RLIN) 163598
700 1# - ENTRADA AGREGADA--NOMBRE PERSONAL
Nombre de persona Juan Crisóstomo,
Títulos y otros términos asociados al nombre Santo.
9 (RLIN) 139759
700 1# - ENTRADA AGREGADA--NOMBRE PERSONAL
Nombre de persona Ignacio,
Títulos y otros términos asociados al nombre Santo,
-- Obispo de Antioquía.
9 (RLIN) 163599
700 1# - ENTRADA AGREGADA--NOMBRE PERSONAL
Nombre de persona Policarpo,
Títulos y otros términos asociados al nombre Santo,
-- Obispo de Esmirna.
9 (RLIN) 163600
700 1# - ENTRADA AGREGADA--NOMBRE PERSONAL
Nombre de persona Justino,
Títulos y otros términos asociados al nombre Santo.
9 (RLIN) 163601
700 1# - ENTRADA AGREGADA--NOMBRE PERSONAL
Nombre de persona Tertuliano, Quinto Septimio Florente,
Fechas asociadas al nombre ca. 160-220
9 (RLIN) 109810
700 1# - ENTRADA AGREGADA--NOMBRE PERSONAL
Nombre de persona Minucio Félix, Marco.
9 (RLIN) 163602
700 0# - ENTRADA AGREGADA--NOMBRE PERSONAL
Nombre de persona Cipriano,
Títulos y otros términos asociados al nombre Santo,
-- Obispo de Cartago.
9 (RLIN) 38871
700 1# - ENTRADA AGREGADA--NOMBRE PERSONAL
Nombre de persona Hilario de Poitiers
Títulos y otros términos asociados al nombre , Santo.
9 (RLIN) 140593
700 1# - ENTRADA AGREGADA--NOMBRE PERSONAL
Nombre de persona Efrén,
Títulos y otros términos asociados al nombre Santo.
9 (RLIN) 163604
852 ## - LOCALIZACIÓN
Ubicación ES-MaACL
Número de control de estantería C-20023-37
Holdings
Estatus retirado Estado de pérdida Estado de daño No para préstamo Colección Biblioteca de origen Biblioteca actual Ubicación en estantería Fecha de adquisición Fuente de adquisición Total de préstamos Signatura topográfica completa Código de barras Visto por última vez Precio de reemplazo Tipo de ítem Koha
        Libros del s. XIX Biblioteca del Ateneo de Madrid Biblioteca del Ateneo de Madrid Mesetón 13/09/2017     C-20023-37 1198004 23/02/2023 23/02/2023 Libro impreso antiguo